000 00501nam a2200169 i 4500
001 92981
003 ES-MaACL
005 20230906181112.0
007 t|
008 050406s1981 dr ||||1| spa d
100 1 _aLockward Artiles, Antonio.
_973058
245 1 0 _aYo canto al tanque de lastre del Regina Express /
_cpor Antonio Lockward Artiles.
250 _a[2ยช ed.].
260 _aSanto Domingo :
_bCosmos,
_c1981.
300 _a60 p. :
_bil. ;
_c19 cm.
852 _aES-MaACL
_jL-2921
_bR.103498
999 _c92981
_d92981